000 00716nam a2200289Ia 4500
005 20260324124727.0
008 008 260324s9999 xx 000 0 eng d
020 _a9781315855189
037 _aEBOOK
040 _aCRL
040 _beng
040 _cCRL
041 _2eng
041 _aeng
084 _qCRL
100 _aPamela Craig
_91175268
245 0 _aLiteracy Leadership Teams
245 0 _bCollaborative Leadership for Improving and Sustaining Student Achievement
260 _bTaylor and Francis
260 _c2010
365 _a
365 _b180
856 _uhttp://www.taylorfrancis.com/books/9781315855189
942 _cEBOOK
999 _c1769898
_d1769898